000 00695nam a22001817a 4500
999 _c16800
_d16800
003 AR-CdUCM
008 190506b ||||| |||| 00| 0 sap d
040 _aMUNICIPALIDAD PROVINCIAL DEL CUSCO
_cBIBLIOTECA MUNICIPAL DEL CUSCO
082 _a194 /
_bQ7
100 _aQuintanilla, Luis.
_926628
245 _aBergsonismo y política /
260 _aMéxico :
_bFondo de cultura económica.,
_c1953.
300 _a205 páginas ;
_c22 cm.
505 _aContenido :Rasgos esenciales del bergsonismo -- Bergsonismo y dualismo sociologico -- Anti-intelectuaismo y democracia -- Anarco-sindicalismo y fascismo ...
650 _aImperialismo.
_93454
942 _2ddc
_cLIBROS
945 _arum
_d2019-05-06